| 000 | 00737nam a2200229Ia 4500 | ||
|---|---|---|---|
| 003 | 0100 | ||
| 005 | 20160205150824.0 | ||
| 008 | 130303s9999 xx 000 0 und d | ||
| 040 | _cARRUPELIB DAVIDBEACH | ||
| 050 | _aDT958.B7 1970 | ||
| 100 |
_aBrown, William Harvey _922029 |
||
| 245 | _aOn the South African Frontier: | ||
| 245 | _bThe Adventures and observations of an American in Mashonaland and Matebeleland | ||
| 260 | _aBulawayo | ||
| 260 |
_bBooks of Bulawayo _c1899 |
||
| 300 | _axxii | ||
| 300 | _b 457p. 23 cm. | ||
| 440 |
_aRhodesiana reprint library: Gold series n.12 _922030 |
||
| 650 |
_aRhodesia _xDescription and travel _922031 |
||
| 650 |
_aSouth Africa _xDescription and travel _921997 |
||
| 942 |
_2lcc _cSPC |
||
| 999 |
_c33889 _d33889 |
||